| 000 | 00404nam a22001457a 4500 | ||
|---|---|---|---|
| 005 | 20231208040640.0 | ||
| 008 | 231208b |||||||| |||| 00| 0 eng d | ||
| 082 |
_222 _a305.4. _bKum. |
||
| 100 | _aJayawardena kumari. | ||
| 245 | _aThe feminist challenge in the 18th century. | ||
| 260 |
_acolombo. _bWomen's educations centre. _c1985 |
||
| 300 | _a31, p. | ||
| 650 | _aIdeological perspectives. | ||
| 942 | _cL | ||
| 999 |
_c164 _d164 |
||